| 000 | 00847nam a2200265 a 4500 | ||
|---|---|---|---|
| 005 | 20230209064046.0 | ||
| 008 | 991125s1995 mad 000 0 spa u | ||
| 020 | _a8471123797 | ||
| 035 | _aUPN01000047287 | ||
| 049 | _aCG | ||
| 050 | 4 |
_aLB1775 _bF4.6 1995 |
|
| 100 | 1 | _aFernández Enguita, Mariano | |
| 245 | 1 | 3 |
_aLa profesión docente y la comunidad escolar : _bcrónica de un desencuentro / _cMariano Fernández Enguita. |
| 250 | _a2a ed. | ||
| 260 |
_aMadrid : _bFundación Paideia : _bMorata, _c1995. |
||
| 300 | _a183 p. | ||
| 440 | 0 | _aPedagogía | |
| 590 | _a(También localizas un ejemplar en el "Area de Reserva") | ||
| 590 | _aBibliografía Básica (BGTQ) | ||
| 650 | 4 | _aHOGAR Y ESCUELA | |
| 650 | 4 |
_aRelación maestro-estudiante _94168 |
|
| 650 | 2 |
_aRelación padres-escuela _92847 |
|
| 905 | _aLibro | ||
| 999 |
_c47287 _d47287 |
||